Normal view
MARC view
Entry Personal Name
001 - CONTROL NUMBER
- control field: 15697
003 - CONTROL NUMBER IDENTIFIER
- control field: OSt
005 - DATE AND TIME OF LATEST TRANSACTION
- control field: 20230524195604.0
008 - FIXED-LENGTH DATA ELEMENTS
- fixed length control field: 230524|| aca||aabn | a|a d
040 ## - CATALOGING SOURCE
- Original cataloging agency: OSt
- Transcribing agency: OSt
100 ## - HEADING--PERSONAL NAME
- Personal name: " W.H.Tranter , D.R.Fannin,,,"
670 ## - SOURCE DATA FOUND
- Source citation: Work cat.: (OSt)23803: Rodger E.Ziemer 15696, Signals and Systems, 2005
